[Event "BIH-chT2"]
[Site "Tuzla"]
[Date "2015.10.21"]
[Round "9.1"]
[White "Komic, Ibrahim"]
[Black "Hadzovic, Amir"]
[Result "1/2-1/2"]
[WhiteElo "2231"]
[BlackElo "2218"]
[PlyCount "31"]
[EventDate "2015.10.16"]

1. Nf3 Nf6 2. g3 d6 3. d4 c6 4. Bg2 g6 5. O-O Bg7 6. b3 O-O 7. Bb2 Qa5 8. Nbd2
Qh5 9. e4 Bg4 10. Qe2 e5 11. dxe5 dxe5 12. Nc4 Nbd7 13. Ne3 Be6 14. Nc4 Bg4 15.
Ne3 Be6 16. Nc4 1/2-1/2

[Event "BIH-chT2"]
[Site "Tuzla"]
[Date "2015.10.21"]
[Round "9.1"]
[White "Mestrovic, Zvonimir"]
[Black "Hadzic, Sabahet"]
[Result "1-0"]
[WhiteElo "2271"]
[BlackElo "1950"]
[PlyCount "79"]
[EventDate "2015.10.16"]

1. e4 e6 2. d4 d5 3. Nc3 Nf6 4. Bg5 Bb4 5. Bd3 h6 6. Bxf6 Qxf6 7. Nf3 dxe4 8.
Bxe4 O-O 9. O-O c6 10. Bd3 Nd7 11. Ne4 Qe7 12. Qe2 c5 13. c3 Ba5 14. dxc5 Bc7
15. b4 e5 16. Rad1 f5 17. Bc4+ Kh8 18. Nd6 e4 19. Nd4 Bxd6 20. cxd6 Qe5 21. Bb3
Nf6 22. Qb5 Qxb5 23. Nxb5 Bd7 24. Nc7 Rac8 25. c4 Ng4 26. Rfe1 Ne5 27. Re3 Ng4
28. Rc3 f4 29. h3 Ne5 30. c5 f3 31. Bd5 fxg2 32. Bxe4 Rf4 33. Bxg2 Rxb4 34. Re3
Ng6 35. Rb3 Rf4 36. Rxb7 Rd8 37. c6 Bf5 38. d7 Bc2 39. Ne6 Bxd1 40. Nxd8 1-0

[Event "BIH-chT2"]
[Site "Tuzla"]
[Date "2015.10.21"]
[Round "9.1"]
[White "Ruznic, Ramiz"]
[Black "Strinic, Halid"]
[Result "0-1"]
[WhiteElo "2040"]
[BlackElo "2109"]
[PlyCount "120"]
[EventDate "2015.10.16"]

1. Nf3 d5 2. d4 c6 3. g3 Nf6 4. Bg2 h6 5. c4 Bf5 6. O-O e6 7. b3 Be7 8. Bb2 O-O
9. Nc3 Ne4 10. Nd2 Nxc3 11. Bxc3 Nd7 12. f3 Bg6 13. e4 Bf6 14. e5 Be7 15. Qe2
a5 16. f4 Qb6 17. c5 Nxc5 18. Qe3 Nd7 19. Nf3 Be4 20. Nh4 Bh7 21. Nf3 a4 22.
Nd2 axb3 23. axb3 Bb4 24. Rfc1 Ba3 25. Rf1 c5 26. g4 cxd4 27. Bxd4 Bc5 28. Nf3
Be4 29. Bxc5 Nxc5 30. Rac1 Rfc8 31. Nd2 Bxg2 32. Kxg2 Rc6 33. Qf3 Qb4 34. Rcd1
Ra2 35. Rf2 Nd7 36. Qe3 Rc3 37. Qe1 Rcc2 38. f5 Qxg4+ 39. Kh1 Nxe5 40. fxe6
fxe6 41. Rg2 Qf4 42. Rf2 Qd4 43. Rg2 Qf4 44. Rf2 Qg4 45. Rg2 Nd3 46. Qg1 Qxd1
47. Rxg7+ Kf8 48. Rg8+ Ke7 49. Qxd1 Rc1 50. Qxc1 Nxc1 51. Nf3 Nxb3 52. Rg7+ Kf6
53. Rxb7 Nd2 54. Nd4 Ke5 55. Nc6+ Kd6 56. Nd4 e5 57. Nf5+ Kc6 58. Rh7 Nf3 59.
Rxh6+ Kc5 60. h4 Rh2# 0-1

[Event "BIH-chT2"]
[Site "Tuzla"]
[Date "2015.10.21"]
[Round "9.2"]
[White "Goric, Esad"]
[Black "Drazic, Sinisa"]
[Result "1/2-1/2"]
[WhiteElo "2288"]
[BlackElo "2430"]
[PlyCount "84"]
[EventDate "2015.10.16"]

1. Nf3 g6 2. g3 Bg7 3. d4 Nf6 4. Bg2 O-O 5. O-O d5 6. c4 dxc4 7. Na3 Nc6 8.
Nxc4 Be6 9. b3 Bd5 10. Bb2 a5 11. Rc1 a4 12. bxa4 Nd7 13. Re1 e6 14. e4 Bxc4
15. Rxc4 Nb6 16. Rc2 Re8 17. d5 exd5 18. exd5 Rxe1+ 19. Nxe1 Bxb2 20. Rxb2 Qd6
21. Nc2 Rxa4 22. Ne3 Rd4 23. Rd2 Rxd2 24. Qxd2 Nb4 25. Qb2 h5 26. h4 Nd3 27.
Qb5 Nc5 28. Qb2 Ncd7 29. Kh2 Qe5 30. Qb4 Qf6 31. Qd2 Kg7 32. Qc2 Qe5 33. Qb3
Qd4 34. Qc2 Nc5 35. Bf3 Kg8 36. Kg2 Nc8 37. Nc4 Nd3 38. Kf1 Nxf2 39. d6 Nh3 40.
Kg2 Nf4+ 41. gxf4 Nxd6 42. Nxd6 cxd6 1/2-1/2

[Event "BIH-chT2"]
[Site "Tuzla"]
[Date "2015.10.21"]
[Round "9.2"]
[White "Trkulja, Goran"]
[Black "Mrndjic, Muamer"]
[Result "1/2-1/2"]
[WhiteElo "2320"]
[BlackElo "2224"]
[PlyCount "45"]
[EventDate "2015.10.16"]

1. d4 d5 2. c4 e6 3. Nf3 Nf6 4. e3 Be7 5. Nc3 O-O 6. Qc2 b6 7. cxd5 exd5 8. Bd3
Bb7 9. O-O Nbd7 10. b3 a6 11. Bb2 Bd6 12. Ne2 Re8 13. Ng3 g6 14. Rac1 Ne4 15.
Ne5 Ndf6 16. f3 Nxg3 17. hxg3 c5 18. g4 b5 19. g5 Nh5 20. f4 c4 21. Be2 Ng3 22.
Rf3 Ne4 23. bxc4 1/2-1/2

[Event "BIH-chT2"]
[Site "Tuzla"]
[Date "2015.10.21"]
[Round "9.2"]
[White "Zacinovic, Alija"]
[Black "Burovic, Ismet"]
[Result "0-1"]
[WhiteElo "2226"]
[BlackElo "2324"]
[PlyCount "96"]
[EventDate "2015.10.16"]

1. e4 c6 2. d4 d5 3. e5 Bf5 4. Nd2 e6 5. Ngf3 Nd7 6. c4 Ne7 7. Nh4 Bg6 8. Nxg6
hxg6 9. Bd3 dxc4 10. Nxc4 Nf5 11. Bxf5 gxf5 12. Be3 Nb6 13. Qd3 Qd5 14. Nxb6
axb6 15. O-O Rxa2 16. Qb1 Rxa1 17. Qxa1 Qa5 18. Qc1 Bb4 19. Qc4 O-O 20. Qe2 Ra8
21. g4 fxg4 22. Qxg4 Bf8 23. h4 Qb5 24. h5 Qxb2 25. h6 Ra1 26. hxg7 Rxf1+ 27.
Kxf1 Qb1+ 28. Ke2 Qc2+ 29. Kf1 Qd3+ 30. Kg2 Bxg7 31. Qh4 b5 32. Qe7 Bf8 33.
Qxb7 Qe4+ 34. Kf1 b4 35. Qb8 Qd3+ 36. Kg1 b3 37. d5 Qb5 38. Qd8 Qxd5 39. Qg5+
Bg7 40. Bc1 Qxe5 41. Qd8+ Bf8 42. Bh6 Qe1+ 43. Kg2 Qe4+ 44. Kh3 Qf3+ 45. Kh4
Qxf2+ 46. Kh3 Qf3+ 47. Kh4 Qh1+ 48. Kg5 Qxh6+ 0-1

[Event "BIH-chT2"]
[Site "Tuzla"]
[Date "2015.10.21"]
[Round "9.3"]
[White "Bajramovic, Halid"]
[Black "Hrvic, Bilal"]
[Result "1-0"]
[WhiteElo "2144"]
[BlackElo "2124"]
[PlyCount "99"]
[EventDate "2015.10.16"]

1. d4 f5 2. c4 Nf6 3. Nc3 e6 4. Nf3 Be7 5. g3 O-O 6. Bg2 d6 7. O-O Nbd7 8. Qc2
Qe8 9. b3 Qh5 10. e4 fxe4 11. Nxe4 Nxe4 12. Qxe4 Nf6 13. Qd3 Rb8 14. Re1 Ng4
15. h3 Nh6 16. g4 Qf7 17. Re2 Bd7 18. Ng5 Bxg5 19. Bxg5 b6 20. Be4 Kh8 21. Bxh7
Qf3 22. Be4 Qxd3 23. Bxd3 Nf7 24. Bf4 Rbe8 25. Rae1 Nd8 26. Bd2 Nc6 27. Bc3 Rf3
28. Re3 Ref8 29. R1e2 R3f4 30. Be4 Nd8 31. Rg3 a5 32. Bd2 R4f7 33. f4 Nc6 34.
Bxc6 Bxc6 35. Rxe6 Ra8 36. f5 a4 37. d5 Bd7 38. Re2 b5 39. Rc3 c5 40. Bf4 Ra6
41. cxb5 Bxb5 42. Re6 Rd7 43. Re8+ Kh7 44. g5 g6 45. f6 Rda7 46. Rd8 axb3 47.
Rxb3 Ra5 48. Bxd6 c4 49. Rf3 Rf7 50. Rf4 1-0

[Event "BIH-chT2"]
[Site "Tuzla"]
[Date "2015.10.21"]
[Round "9.3"]
[White "Imamovic, Smail"]
[Black "Cunjalo, Faris"]
[Result "0-1"]
[WhiteElo "1972"]
[BlackElo "2054"]
[PlyCount "132"]
[EventDate "2015.10.16"]

1. e4 c6 2. d4 d5 3. e5 Bf5 4. Bd3 Bxd3 5. Qxd3 e6 6. Ne2 Qb6 7. b3 c5 8. c3
cxd4 9. cxd4 Nc6 10. O-O Nge7 11. Bb2 h5 12. Nbc3 Rc8 13. Rfc1 g6 14. Na4 Qc7
15. a3 b6 16. b4 Qd7 17. Nac3 Nf5 18. Rc2 Be7 19. Rac1 O-O 20. Nd1 Nb8 21. Ne3
Nxe3 22. fxe3 Bg5 23. Nf4 Kg7 24. g3 Be7 25. e4 Rxc2 26. Qxc2 Bg5 27. Rf1 Bxf4
28. Rxf4 dxe4 29. Qxe4 Qd5 30. Qe3 Nc6 31. Rf2 Ne7 32. h3 Nf5 33. Qf4 Rc8 34.
g4 hxg4 35. hxg4 Rh8 36. Rg2 Nh4 37. Rf2 Nf5 38. Rh2 Rxh2 39. Kxh2 Qa2 40. Qf2
Nh6 41. Kh3 Qb3+ 42. Kh4 Qd1 43. Qg2 Qe1+ 44. Kh3 Qe3+ 45. Qg3 Qxg3+ 46. Kxg3
b5 47. Bc1 Ng8 48. Bg5 Kf8 49. Kf4 Ne7 50. Bxe7+ Kxe7 51. Ke4 Kd7 52. d5 exd5+
53. Kxd5 g5 54. Kc5 Ke6 55. Kxb5 Kxe5 56. Ka6 f5 57. b5 fxg4 58. Kxa7 g3 59. b6
g2 60. b7 g1=Q+ 61. Ka8 Qg2 62. Ka7 Qf2+ 63. Ka8 Qf3 64. a4 Qc6 65. Kb8 Qxa4
66. Kc7 Qc4+ 0-1

[Event "BIH-chT2"]
[Site "Tuzla"]
[Date "2015.10.21"]
[Round "9.3"]
[White "Hadzic, Latif"]
[Black "Mujagic, Ismet"]
[Result "1/2-1/2"]
[WhiteElo "2047"]
[BlackElo "1858"]
[PlyCount "84"]
[EventDate "2015.10.16"]

1. e4 e6 2. d4 d5 3. e5 c5 4. c3 Qb6 5. Nf3 Bd7 6. Bd3 Bb5 7. O-O Bxd3 8. Qxd3
Nc6 9. dxc5 Bxc5 10. b4 Bf8 11. Re1 Nge7 12. Bf4 Rc8 13. Nbd2 Ng6 14. Bg3 Nge7
15. a3 Nf5 16. Bf4 Be7 17. Rad1 Qc7 18. Rc1 O-O 19. Nb3 Nb8 20. Nfd2 Rfd8 21.
g4 Nh4 22. Nd4 a6 23. Bg3 Nc6 24. Re3 Ng6 25. f4 Qb6 26. Rf1 Nxd4 27. cxd4 Qc6
28. f5 Bg5 29. Ref3 Nf8 30. fxe6 fxe6 31. h4 Bxd2 32. Qxd2 Qc2 33. Qf4 Qg6 34.
h5 Qe8 35. Be1 b5 36. g5 Qxh5 37. R3f2 Qg6 38. Bd2 Nd7 39. Qf7+ Qxf7 40. Rxf7
Nb6 41. Rb7 Nc4 42. Rff7 Nxd2 1/2-1/2

[Event "BIH-chT2"]
[Site "Tuzla"]
[Date "2015.10.21"]
[Round "9.4"]
[White "Trumic, Enes"]
[Black "Vajic, Goran"]
[Result "1-0"]
[WhiteElo "2244"]
[BlackElo "2335"]
[PlyCount "101"]
[EventDate "2015.10.16"]

1. d4 Nf6 2. c4 g6 3. Nc3 Bg7 4. Nf3 O-O 5. g3 d6 6. Bg2 Nc6 7. O-O Na5 8. b3
c5 9. h3 Nc6 10. Be3 cxd4 11. Nxd4 Bd7 12. Qd2 Nxd4 13. Bxd4 Bc6 14. e4 a6 15.
Rfe1 Ne8 16. Rad1 Bxd4 17. Qxd4 Ng7 18. Nd5 e5 19. Qd2 Ne6 20. Ne3 Nd4 21. Nc2
Nxc2 22. Qxc2 Qc7 23. Rd3 f5 24. Red1 f4 25. Rxd6 fxg3 26. fxg3 Qb6+ 27. c5 Qb4
28. h4 Rf7 29. Rd8+ Rxd8 30. Rxd8+ Kg7 31. Rd1 Rd7 32. Rxd7+ Bxd7 33. Kh2 Qd4
34. a3 Bb5 35. b4 h6 36. Qb3 Bc4 37. Qf3 a5 38. g4 axb4 39. axb4 Qd2 40. Qg3
Kf6 41. g5+ hxg5 42. hxg5+ Qxg5 43. Qxg5+ Kxg5 44. Kg3 Bd3 45. Bf3 Bb5 46. Bd1
Bd3 47. Kf3 Kh4 48. Be2 Bc2 49. b5 g5 50. c6 g4+ 51. Ke3 1-0

[Event "BIH-chT2"]
[Site "Tuzla"]
[Date "2015.10.21"]
[Round "9.4"]
[White "Obad, Andrija"]
[Black "Mesic, Vehid"]
[Result "1-0"]
[WhiteElo "2201"]
[BlackElo "1955"]
[PlyCount "79"]
[EventDate "2015.10.16"]

1. e4 e5 2. Nf3 Nc6 3. Bc4 Bc5 4. O-O Nf6 5. d4 Bxd4 6. Nxd4 Nxd4 7. f4 Nc6 8.
Bxf7+ Kxf7 9. fxe5 Nxe5 10. Qd5+ Kf8 11. Qxe5 d6 12. Qd4 Qe7 13. Bg5 Qe5 14.
Qxe5 dxe5 15. Nc3 c6 16. Bxf6 gxf6 17. Rxf6+ Ke7 18. Raf1 Be6 19. Rh6 Rad8 20.
Rh5 Rd2 21. Rf2 Rxf2 22. Kxf2 Kf6 23. Rh6+ Ke7 24. a3 Bf7 25. h4 Rd8 26. Ke3
Bg8 27. Rh5 Kf6 28. Rf5+ Ke6 29. g4 Bf7 30. g5 Bg6 31. Rf2 Ke7 32. Ne2 Rf8 33.
Rxf8 Kxf8 34. Ng3 Be8 35. Nf5 b6 36. Nd6 Bd7 37. Nc4 c5 38. Nxe5 Bc8 39. Kf4
Ke7 40. Ng4 1-0

[Event "BIH-chT2"]
[Site "Tuzla"]
[Date "2015.10.21"]
[Round "9.4"]
[White "Sinanovic, Ermin"]
[Black "Komadaric, Edin"]
[Result "1-0"]
[WhiteElo "2122"]
[BlackElo "2155"]
[PlyCount "117"]
[EventDate "2015.10.16"]

1. d4 d5 2. Nf3 c6 3. e3 Bg4 4. Bd3 Nd7 5. Nbd2 e5 6. dxe5 Nxe5 7. Be2 Nxf3+ 8.
Nxf3 Nf6 9. O-O Bd6 10. b3 Qc7 11. h3 Bxf3 12. Bxf3 Be5 13. Rb1 O-O 14. Qd3
Rfe8 15. Rd1 Rad8 16. Bb2 Nd7 17. c3 Nc5 18. Qc2 Ne6 19. Bg4 g6 20. c4 dxc4 21.
Bxe5 Qxe5 22. Qxc4 f5 23. Bf3 Kg7 24. Qb4 Rxd1+ 25. Rxd1 Nc5 26. Qa5 Re7 27.
Qxa7 Ne4 28. Qd4 Nf6 29. Qxe5 Rxe5 30. Rd8 Re7 31. a4 Nd7 32. Be2 Ne5 33. a5
Rd7 34. Re8 Kf6 35. f4 Nd3 36. g4 fxg4 37. hxg4 Nc5 38. g5+ Kf7 39. Rh8 Kg7 40.
Rb8 h6 41. gxh6+ Kxh6 42. b4 Ne4 43. Bf3 Nd2 44. Bg2 Nc4 45. e4 Rd1+ 46. Kf2
Rd2+ 47. Kg3 Rd4 48. Kh4 Rd2 49. Bh3 Rd4 50. Rxb7 Rxe4 51. Kg3 Nd6 52. Rb6 Rc4
53. a6 Nb5 54. Bd7 Rc3+ 55. Kg4 Nd4 56. Bxc6 Nf5 57. Bf3 Ne3+ 58. Kg3 Nf5+ 59.
Kf2 1-0

[Event "BIH-chT2"]
[Site "Tuzla"]
[Date "2015.10.21"]
[Round "9.4"]
[White "Jovanovic, Nenad"]
[Black "Salkic, Mahir"]
[Result "1-0"]
[WhiteElo "2055"]
[BlackElo "1968"]
[PlyCount "95"]
[EventDate "2015.10.16"]

1. d4 Nf6 2. Nf3 d5 3. Bf4 Bf5 4. h3 e6 5. e3 Bd6 6. Ne5 Nbd7 7. Nxd7 Qxd7 8.
Bxd6 Qxd6 9. c3 O-O 10. Bd3 Rfe8 11. O-O c6 12. Qc2 Bxd3 13. Qxd3 e5 14. dxe5
Rxe5 15. Nd2 Qe6 16. Nf3 Rh5 17. Rfd1 Re8 18. Qe2 Ne4 19. Nd2 Rg5 20. Nxe4 Qxe4
21. Qf1 Qc2 22. Qd3 Qa4 23. Qd4 Qa6 24. Qf4 h6 25. Rd2 b5 26. Qc7 Rge5 27. a4
R8e7 28. Qd6 R7e6 29. Qa3 Re7 30. axb5 Qxb5 31. Qa6 Qb6 32. Qc8+ Re8 33. Qd7
R5e7 34. Qg4 Re4 35. Qd1 a5 36. Ra4 Rxa4 37. Qxa4 Re4 38. Qa3 g6 39. g3 h5 40.
h4 Kg7 41. Kg2 Rc4 42. Qd6 Rc5 43. Qe5+ Kg8 44. e4 dxe4 45. Qe8+ Kg7 46. Rd8
Kf6 47. Rd7 Qb3 48. Qe7+ 1-0

[Event "BIH-chT2"]
[Site "Tuzla"]
[Date "2015.10.21"]
[Round "9.4"]
[White "Salkic, Midhat"]
[Black "Sisic, Enes"]
[Result "1-0"]
[WhiteElo "1999"]
[BlackElo "1968"]
[PlyCount "129"]
[EventDate "2015.10.16"]

1. e4 c6 2. d4 d5 3. exd5 cxd5 4. Bf4 e6 5. c3 Bd6 6. Bxd6 Qxd6 7. Nf3 Nc6 8.
Bd3 Nge7 9. O-O Bd7 10. Nbd2 Ng6 11. Re1 Nf4 12. Bf1 g6 13. g3 Nh5 14. c4 O-O
15. a3 a5 16. b3 Ng7 17. Bh3 Rfd8 18. c5 Qe7 19. Qc2 Qf6 20. Qc3 e5 21. dxe5
Nxe5 22. Bxd7 Nxf3+ 23. Qxf3 Qxf3 24. Nxf3 Rxd7 25. Nd4 Kf8 26. Re5 Ra6 27.
Rae1 f6 28. R5e2 Kf7 29. g4 Ra8 30. Nb5 Rb8 31. Kf1 h5 32. h3 hxg4 33. hxg4 g5
34. Nd6+ Kf8 35. Rd2 Ne8 36. Rxd5 Nxd6 37. Rxd6 Rxd6 38. cxd6 Rd8 39. Re6 Kf7
40. Re7+ Kg6 41. Rxb7 Rxd6 42. Rb5 Ra6 43. Ke2 Kf7 44. Kd3 Ke6 45. Kc4 Kd7 46.
Rf5 a4 47. b4 Ke6 48. Ra5 Rc6+ 49. Kd4 Rc2 50. Ra6+ Kf7 51. f3 Rf2 52. Ke3 Rb2
53. Rxa4 Ke6 54. Ra5 Rb1 55. Ra6+ Ke5 56. Ra5+ Ke6 57. b5 Kd6 58. a4 Rb3+ 59.
Kf2 Rb2+ 60. Kg3 Ra2 61. Ra6+ Ke5 62. b6 Kd4 63. a5 Ra1 64. b7 Rg1+ 65. Kf2 1-0